000 01220nam a2200313 a 4500
001 000000382
003 DO-SdBNP
005 20220324091032.0
007 000000382
008 081028s2008 dr 000 0 spa d
020 _a9789945161915
_z
040 _aBPMSU
_bspa
_cBPMSU
082 4 _a306.81
_bD919m
100 1 _aDunker Lambert, José,
_d1943-
245 1 0 _aMejor que cuando novios :
_bguía para que la pareja aprenda un diálogo de enriquecimiento matrimonial /
_cJosé Dunker Lambert, Fior de Jesús de Dunker.
260 _aSanto Domingo :
_bBúho,
_c2008.
300 _a53 p. ;
_c22 cm.
505 0 _tPreámbulo --
_tFronteras con los padres --
_tFrontera con los hijos --
_tMomentos exclusivos --
_tExclusividad sexual --
_tReciprocidad --
_tBuena comunicación --
_tEconomía doméstica --
_tRey y reina --
_tConsenso espiritual --
_tIndisolubilidad.
650 4 _aMATRIMONIO
650 4 _aCONSEJERÍA MATRIMONIAL
650 4 _aRELACIONES DE PAREJA
650 4 _aRELACIONES FAMILIARES
650 4 _aPADRES E HIJOS
700 1 2 _aJesús, Fior de
910 _aValidado. Control de calidad BNPHU
942 _2ddc
_cBK
945 _aInventariado / 2017 VM
956 _aVMATEO
_b10
_c20150807
_lBPMSU
_h00151
999 _c8138
_d8138